| Tag |
First Indicator |
Second Indicator |
Subfields |
| LEADER |
00000ckm a2200000 a 4500 |
| 001 |
in00001404909 |
| 005 |
20230804192442.8 |
| 008 |
980416s1992 mdunnn ineng d |
| 035 |
|
|
|a (OCoLC)38962063
|
| 035 |
|
|
|9 AHP4417AM
|
| 040 |
|
|
|a TXA
|c TXA
|d UtOrBLW
|
| 049 |
|
|
|a TXAM
|
| 090 |
|
|
|a GC1015
|b .T3 93-402
|
| 100 |
1 |
|
|a Broussard, Amy.
|
| 245 |
1 |
0 |
|a Look -- from a distance -- but don't touch, feed or harm in the wild.
|
| 264 |
|
1 |
|a Silver Spring, Md. :
|b Office of Protected Resources, National Marine Fisheries Service,
|c 1992.
|
| 300 |
|
|
|a 1 poster :
|b color illustrations ;
|c 28 x 43 cm.
|
| 336 |
|
|
|a still image
|b sti
|2 rdacontent
|
| 337 |
|
|
|a unmediated
|b n
|2 rdamedia
|
| 338 |
|
|
|a sheet
|b nb
|2 rdacarrier
|
| 490 |
1 |
|
|a TAMU-SG ;
|v 93-402
|
| 500 |
|
|
|a "In cooperation with Texas A & M University Sea Grant Program."
|
| 500 |
|
|
|a "Amy Broussard, text and design."
|
| 650 |
|
0 |
|a Marine mammals.
|
| 650 |
|
0 |
|a Human-animal relationships.
|
| 710 |
1 |
|
|a United States.
|b National Marine Fisheries Service.
|b Office of Protected Resources.
|
| 710 |
2 |
|
|a Texas A&M University.
|b Sea Grant College Program.
|
| 830 |
|
0 |
|a TAMU-SG (Series) ;
|v 93-402.
|
| 856 |
4 |
1 |
|u https://drive.google.com/file/d/1iQsai3RP6wOBrWtXEVwzppOj60fcGfL0/view
|z Available freely at TAMU Sea Grant Texas Site
|t 0
|
| 948 |
|
|
|a oc:br
|
| 999 |
|
|
|a MARS
|
| 999 |
f |
f |
|s d23dc88a-2840-3f38-8057-e9d26f8fab42
|i 32032381-0de3-3b54-aeb3-393e160646d9
|t 0
|
| 952 |
f |
f |
|p noncirc
|a Texas A&M University
|b College Station
|c Cushing Memorial Library & Archives
|d Cushing: Texas A&M (Does not check out)
|t 0
|e GC1015 .T3 93-402
|f Flat File
|h Library of Congress classification
|i unmediated -- sheet
|
| 998 |
f |
f |
|a GC1015 .T3 93-402
|t 0
|l Cushing: Texas A&M (Does not check out)
|